[Event "MVP-ch Seniors op 18th"]
[Site "Ostseebad Binz"]
[Date "2018.12.01"]
[Round "4"]
[White "Grueneschild, Hildegard"]
[Black "Groener, Marga"]
[Result "0-1"]
[WhiteElo "1364"]
[BlackElo "1477"]
[PlyCount "126"]
[EventDate "2018.11.28"]
[EventType "swiss"]
[EventRounds "9"]
[EventCountry "GER"]
[SourceTitle "CBM 188 Extra"]
[Source "ChessBase"]
[SourceDate "2019.02.26"]
[SourceVersion "1"]
[SourceVersionDate "2019.02.26"]
[SourceQuality "1"]

1. c4 Nf6 2. Nc3 e6 3. d3 d5 4. e3 dxc4 5. Qa4+ c6 6. Qxc4 Be7 7. Nf3 Nbd7 8. Be2 0-0 9. 0-0 Nb6 10. Qb3 h6 11. Rd1 Qc7 12. d4 Rd8 13. Qc2 Bd6 14. e4 Be7 15. h3 Nbd7 16. Be3 a6 17. Rac1 b5 18. a3 Bb7 19. e5 Nd5 20. Bd3 Nxe3 21. fxe3 Nf8 22. Ne4 Rac8 23. Qb3 Qb8 24. Nc5 Rc7 25. Nxb7 Qxb7 26. Be4 Qb6 27. Rc2 c5 28. Rcd2 cxd4 29. Nxd4 Rdc8 30. Bf3 Ng6 31. Bg4 Nf8 32. Nf3 g6 33. Qa2 Rc1 34. Nd4 Rxd1+ 35. Rxd1 Bg5 36. Re1 Bxe3+ 37. Kh1 Bxd4 38. Qb1 Kg7 39. Qe4 Bxb2 40. Qf4 Qd8 41. Rf1 Qe7 42. Qg3 Rc3 43. Qf2 Bxa3 44. Qg1 Bc5 45. Qh2 Nd7 46. Qf4 Rc4 47. Qf3 Nxe5 48. Qg3 Nxg4 49. hxg4 Bd6 50. Qf3 a5 51. Rd1 Rf4 52. Qc3+ f6 53. Qxa5 b4 54. Qa6 Be5 55. Qb5 Rd4 56. Rxd4 Bxd4 57. Qe2 b3 58. Qf1 Qd6 59. Qb1 b2 60. Qc2 f5 61. Qb1 Be5 62. Qc2 fxg4 63. Qe2 b1Q+ 0-1

[Event "Hessen-ch Seniors op 07th"]
[Site "Bad Sooden-Allendorf"]
[Date "2011.05.02"]
[Round "3"]
[White "Graffenberger, Wilhelm"]
[Black "Groener, Marga"]
[Result "1/2-1/2"]
[WhiteElo "1455"]
[BlackElo "1258"]
[PlyCount "37"]
[EventDate "2011.04.30"]
[EventType "swiss"]
[EventRounds "9"]
[EventCountry "GER"]
[SourceTitle "EXT 2012"]
[Source "ChessBase"]
[SourceDate "2011.11.24"]
[SourceVersion "1"]
[SourceVersionDate "2011.11.24"]
[SourceQuality "1"]

1. d4 d5 2. Nf3 c6 3. e3 Bf5 4. Nbd2 a6 5. Be2 e6 6. 0-0 Bd6 7. Re1 Nf6 8. Nf1 Nbd7 9. c4 0-0 10. Bd3 Bxd3 11. Qxd3 Re8 12. N1d2 e5 13. dxe5 Nxe5 14. Nxe5 Bxe5 15. Nf3 Bc7 16. Bd2 dxc4 17. Qxc4 Qd7 18. Bc3 Qe6 19. Qxe6 1/2-1/2

[Event "Niedersachsen-ch Seniors 44th"]
[Site "Cadenberge"]
[Date "2010.04.18"]
[Round "6"]
[White "Hoose, Hannelore"]
[Black "Groener, Marga"]
[Result "1-0"]
[WhiteElo "1499"]
[BlackElo "1245"]
[PlyCount "120"]
[EventDate "2010.04.13"]
[EventType "swiss"]
[EventRounds "9"]
[EventCountry "GER"]
[SourceTitle "EXT 2019"]
[Source "ChessBase"]
[SourceDate "2018.10.10"]
[SourceVersion "1"]
[SourceVersionDate "2018.10.10"]
[SourceQuality "1"]

1. e4 e6 2. d4 d5 3. e5 c5 4. c3 Nc6 5. Nf3 Qb6 6. Qb3 Qxb3 7. axb3 cxd4 8. cxd4 Bb4+ 9. Nc3 a6 10. Bd3 Nge7 11. 0-0 Bxc3 12. bxc3 0-0 13. Ba3 Bd7 14. Bd6 Rfe8 15. Ra2 Nb8 16. Rfa1 Nec6 17. Bb5 Rd8 18. Bd3 g6 19. b4 Nxb4 20. cxb4 Rc8 21. Bxb8 Rcxb8 22. b5 Rc8 23. bxa6 bxa6 24. g3 Rc3 25. Bxa6 Rb8 26. Kg2 Rbb3 27. Be2 Bb5 28. Ne1 Bxe2 29. Rxe2 Kg7 30. Rd1 Rc4 31. Red2 g5 32. Nc2 Kg6 33. Ne3 Rcb4 34. g4 h6 35. h3 Ra4 36. Rd3 Raa3 37. Rxb3 Rxb3 38. Rd2 f6 39. exf6 Kxf6 40. Kf3 Rb4 41. Ke2 Rb1 42. Rd1 Rb2+ 43. Kf3 Rb5 44. Rd2 Rb1 45. Kg3 Rb4 46. f3 Rb3 47. Nc2 Rc3 48. Re2 Rd3 49. Kg2 Rc3 50. Rf2 Rc4 51. f4 Rc3 52. fxg5+ Kxg5 53. Ne1 Re3 54. Nf3+ Kg6 55. h4 Re4 56. Ne5+ Kg7 57. Rd2 Kf6 58. h5 Kg7 59. Kf3 Re1 60. Ng6 Kf7 1-0

[Event "Niedersachsen-ch Seniors 44th"]
[Site "Cadenberge"]
[Date "2010.04.17"]
[Round "5"]
[White "Groener, Marga"]
[Black "Schallueck, Hans Christian"]
[Result "0-1"]
[WhiteElo "1245"]
[BlackElo "1641"]
[PlyCount "108"]
[EventDate "2010.04.13"]
[EventType "swiss"]
[EventRounds "9"]
[EventCountry "GER"]
[SourceTitle "EXT 2019"]
[Source "ChessBase"]
[SourceDate "2018.10.10"]
[SourceVersion "1"]
[SourceVersionDate "2018.10.10"]
[SourceQuality "1"]

1. d4 b6 2. e3 Bb7 3. Nd2 e6 4. c3 Nf6 5. Ngf3 c5 6. Bd3 Qc7 7. 0-0 Be7 8. Re1 0-0 9. h3 d6 10. Qc2 h6 11. dxc5 dxc5 12. a3 Nbd7 13. Be2 Rac8 14. c4 Rfd8 15. b3 Bd6 16. Bb2 Ne5 17. Nxe5 Bxe5 18. Bxe5 Qxe5 19. Nf3 Qc7 20. Red1 Be4 21. Qb2 Kf8 22. Rxd8+ Rxd8 23. Rd1 Rxd1+ 24. Bxd1 Qd6 25. Qd2 Ke7 26. Qxd6+ Kxd6 27. Ne1 Nd7 28. Bc2 Nf6 29. f3 Bxc2 30. Nxc2 Nd7 31. f4 Nf6 32. Kf2 Ne4+ 33. Ke2 g5 34. Kd3 f5 35. Ne1 e5 36. fxe5+ Kxe5 37. Nf3+ Kd6 38. Ng1 h5 39. Nf3 Ke6 40. Ng1 Kf6 41. Nf3 h4 42. Ng1 Nf2+ 43. Kd2 g4 44. Ke2 Ne4 45. Kd3 Ke5 46. Ne2 Nf2+ 47. Kd2 gxh3 48. gxh3 Nxh3 49. Nc1 f4 50. exf4+ Nxf4 51. Ke1 h3 52. Kf1 h2 53. Nd3+ Nxd3 54. Kg2 Kd4 0-1

[Event "Niedersachsen-ch Seniors 44th"]
[Site "Cadenberge"]
[Date "2010.04.16"]
[Round "4"]
[White "Montag, Gottfried"]
[Black "Groener, Marga"]
[Result "1-0"]
[WhiteElo "1616"]
[BlackElo "1245"]
[PlyCount "89"]
[EventDate "2010.04.13"]
[EventType "swiss"]
[EventRounds "9"]
[EventCountry "GER"]
[SourceTitle "EXT 2019"]
[Source "ChessBase"]
[SourceDate "2018.10.10"]
[SourceVersion "1"]
[SourceVersionDate "2018.10.10"]
[SourceQuality "1"]

1. e4 e6 2. d4 d5 3. Nd2 dxe4 4. Nxe4 Nd7 5. Nf3 Be7 6. Bd3 Ngf6 7. 0-0 h6 8. h3 0-0 9. Bf4 b6 10. Re1 Bb7 11. Qe2 Nxe4 12. Bxe4 Bxe4 13. Qxe4 Nf6 14. Qe2 Re8 15. Rad1 Nd5 16. Bc1 Bd6 17. c4 Nf6 18. a3 c6 19. Ne5 Qc7 20. Qf3 Bxe5 21. dxe5 Nh7 22. Rd6 c5 23. Red1 Qe7 24. Rd7 Qf8 25. Qg3 Red8 26. Qd3 Re8 27. h4 f6 28. Qg6 fxe5 29. Bxh6 Re7 30. Be3 Rxd7 31. Rxd7 Re8 32. Rxg7+ Qxg7 33. Qxe8+ Nf8 34. b4 cxb4 35. axb4 e4 36. c5 Qa1+ 37. Kh2 Qe5+ 38. g3 Qc3 39. Bh6 Qf6 40. Bxf8 Qxf8 41. Qxf8+ Kxf8 42. g4 bxc5 43. bxc5 Ke7 44. h5 a5 45. h6 1-0

[Event "Niedersachsen-ch Seniors 41st"]
[Site "Sottrum"]
[Date "2007.03.25"]
[Round "4"]
[White "Buck, Klaus Michael"]
[Black "Groener, Marga"]
[Result "1-0"]
[WhiteElo "1610"]
[BlackElo "1264"]
[PlyCount "98"]
[EventDate "2007.03.22"]
[EventType "swiss"]
[EventRounds "9"]
[EventCountry "GER"]
[SourceTitle "EXT 2022"]
[Source "ChessBase"]
[SourceDate "2021.10.06"]
[SourceVersion "1"]
[SourceVersionDate "2021.10.06"]
[SourceQuality "1"]

1. b4 e6 2. Bb2 d5 3. e3 Nf6 4. a3 c6 5. c4 Bd6 6. Nf3 0-0 7. Nc3 Re8 8. cxd5 exd5 9. d4 Bg4 10. Be2 Nbd7 11. h3 Bh5 12. Nh4 Bxe2 13. Qxe2 Ne4 14. Nxe4 Rxe4 15. Nf3 Nf6 16. Nd2 Re6 17. Nb3 Qc7 18. Rc1 a6 19. Nc5 Re7 20. 0-0 Ne4 21. Nxe4 Rxe4 22. Rc2 h6 23. Qf3 Rae8 24. Bc1 Bh2+ 25. Kh1 Bd6 26. g3 Qb6 27. Bd2 Qb5 28. Rfc1 Qa4 29. Qd1 R4e6 30. Ra2 Qxd1+ 31. Rxd1 Rf6 32. Be1 h5 33. h4 g6 34. Kg2 Rf5 35. Bd2 Re6 36. f3 Bc7 37. Rc2 Bd6 38. a4 Kg7 39. b5 axb5 40. axb5 Rff6 41. bxc6 bxc6 42. Rb1 Bf8 43. Rb8 Be7 44. Rc8 Bf8 45. Ra2 g5 46. Raa8 gxh4 47. Rxf8 Rg6 48. Rg8+ Kf6 49. Rxg6+ Kxg6 1-0

[Event "Mecklenburg VP-ch Seniors op 06th"]
[Site "Plau am See"]
[Date "2006.10.12"]
[Round "9"]
[White "Groener, Marga"]
[Black "Graffenberger, Wilhelm"]
[Result "0-1"]
[WhiteElo "1272"]
[BlackElo "1500"]
[PlyCount "86"]
[EventDate "2006.10.04"]
[EventType "swiss"]
[EventRounds "9"]
[EventCountry "GER"]
[SourceTitle "EXT 2022"]
[Source "ChessBase"]
[SourceDate "2021.10.06"]
[SourceVersion "1"]
[SourceVersionDate "2021.10.06"]
[SourceQuality "1"]

1. d4 d5 2. e3 Nf6 3. a3 Bf5 4. c3 Nbd7 5. Bd3 Bxd3 6. Qxd3 c5 7. Nf3 c4 8. Qc2 e6 9. Nbd2 Be7 10. 0-0 Qc7 11. e4 e5 12. exd5 Nxd5 13. Re1 exd4 14. Nxd4 0-0 15. N2f3 h6 16. Bd2 N7f6 17. Qc1 Rfe8 18. Bxh6 gxh6 19. Qxh6 Qf4 20. Qg5+ Qxg5 21. Nxg5 Nh7 22. Ngf3 Nf4 23. Nb5 Bc5 24. Nc7 Rxe1+ 25. Rxe1 Rd8 26. Nb5 Nd3 27. Rd1 Re8 28. Nbd4 Bxd4 29. Nxd4 Nxb2 30. Rb1 Na4 31. Rxb7 Nxc3 32. Rxa7 Ne2+ 33. Nxe2 Rxe2 34. Kf1 Rc2 35. Ke1 Nf6 36. a4 c3 37. Rc7 Nd5 38. Rc8+ Kg7 39. g3 Ra2 40. Kd1 Rxf2 41. Re8 Nb4 42. Rc8 c2+ 43. Kc1 Nd3# 0-1

[Event "Mecklenburg VP-ch Seniors op 06th"]
[Site "Plau am See"]
[Date "2006.10.05"]
[Round "2"]
[White "Klose, Hans Peter"]
[Black "Groener, Marga"]
[Result "1-0"]
[WhiteElo "1429"]
[BlackElo "1272"]
[PlyCount "67"]
[EventDate "2006.10.04"]
[EventType "swiss"]
[EventRounds "9"]
[EventCountry "GER"]
[SourceTitle "EXT 2022"]
[Source "ChessBase"]
[SourceDate "2021.10.06"]
[SourceVersion "1"]
[SourceVersionDate "2021.10.06"]
[SourceQuality "1"]

1. d4 d5 2. Bf4 Nf6 3. h3 e6 4. Nf3 Bd6 5. Ne5 0-0 6. e3 c6 7. Bd3 Qa5+ 8. c3 Be7 9. 0-0 Nbd7 10. Nd2 c5 11. Ndf3 Ne4 12. Nxd7 Bxd7 13. Ne5 Nf6 14. Bg5 Qd8 15. b3 cxd4 16. cxd4 h6 17. Bf4 Rc8 18. Rc1 Ba3 19. Rxc8 Qxc8 20. g4 Bc6 21. g5 hxg5 22. Bxg5 Be7 23. Qe2 Qe8 24. Kh1 a6 25. Rg1 Bb5 26. Bxb5 Qxb5 27. Qxb5 axb5 28. Bxf6 Bxf6 29. Nd7 Rc8 30. Nxf6+ Kf8 31. Nd7+ Ke7 32. Nc5 b6 33. Nd3 g6 34. Rc1 1-0

[Event "Niedersachsen-ch Seniors 39th"]
[Site "Wingst"]
[Date "2005.03.04"]
[Round "2"]
[White "Groener, Marga"]
[Black "Jentsch, Dieter"]
[Result "0-1"]
[WhiteElo "1283"]
[BlackElo "2177"]
[PlyCount "34"]
[EventDate "2005.03.03"]
[EventType "swiss"]
[EventRounds "9"]
[EventCountry "GER"]
[SourceTitle "EXT 2006"]
[Source "ChessBase"]
[SourceDate "2005.11.24"]
[SourceVersion "1"]
[SourceVersionDate "2005.11.24"]
[SourceQuality "1"]

1. d4 d5 2. Bf4 c5 3. h3 cxd4 4. Bxb8 Rxb8 5. Qxd4 a6 6. c4 dxc4 7. Qxc4 e5 8. a3 Be6 9. Qc1 Rc8 10. Nc3 Nf6 11. Qc2 Nd5 12. e4 Nxc3 13. bxc3 Qa5 14. Ne2 Be7 15. g3 Bc4 16. Bg2 Bxe2 17. Qxe2 Qxc3+ 0-1

[Event "Wch Seniors 14th"]
[Site "Halle"]
[Date "2004.11.04"]
[Round "10"]
[White "Luebbers, Doris"]
[Black "Groener, Marga"]
[Result "1/2-1/2"]
[WhiteElo "1309"]
[BlackElo "1286"]
[PlyCount "30"]
[EventDate "2004.10.24"]
[EventType "swiss"]
[EventRounds "11"]
[EventCountry "GER"]
[SourceTitle "EXT 2005"]
[Source "ChessBase"]
[SourceDate "2004.11.15"]
[SourceVersion "1"]
[SourceVersionDate "2004.11.15"]
[SourceQuality "1"]

1. d4 d5 2. Nf3 Nf6 3. e3 Bg4 4. Be2 Bxf3 5. Bxf3 e6 6. 0-0 Bd6 7. b3 0-0 8. Bb2 c6 9. Nd2 Re8 10. c4 Nbd7 11. Rc1 Rc8 12. Rc2 e5 13. dxe5 Bxe5 14. Bxe5 Nxe5 15. cxd5 Nxd5 1/2-1/2

[Event "Wch Seniors 14th"]
[Site "Halle"]
[Date "2004.10.26"]
[Round "3"]
[White "Will, Michael"]
[Black "Groener, Marga"]
[Result "1-0"]
[WhiteElo "2052"]
[BlackElo "1286"]
[PlyCount "87"]
[EventDate "2004.10.24"]
[EventType "swiss"]
[EventRounds "11"]
[EventCountry "GER"]
[SourceTitle "EXT 2005"]
[Source "ChessBase"]
[SourceDate "2004.11.15"]
[SourceVersion "1"]
[SourceVersionDate "2004.11.15"]
[SourceQuality "1"]

1. c4 e6 2. Nc3 d5 3. d4 Nf6 4. e3 Nbd7 5. Nf3 c5 6. cxd5 exd5 7. Be2 c4 8. Ne5 a6 9. Bf3 Nb6 10. a4 Bb4 11. Bd2 Bxc3 12. Bxc3 0-0 13. Ba5 Re8 14. Qd2 Qd6 15. Bb4 Qe6 16. 0-0 Nbd7 17. Nxd7 Bxd7 18. Rfe1 b5 19. axb5 axb5 20. Ra5 Rxa5 21. Bxa5 Ra8 22. Bb4 Bc6 23. Rb1 Qe8 24. Bd1 Ne4 25. Qe1 Ra2 26. Bc2 Ra8 27. Ra1 Nf6 28. Ra3 Rxa3 29. Bxa3 Qa8 30. Qb4 g6 31. f3 Kg7 32. g4 h6 33. h4 Qe8 34. Kf2 Nh7 35. Qd6 Qe6 36. Qg3 f6 37. f4 g5 38. Bf5 Qe8 39. fxg5 fxg5 40. Qc7+ Qf7 41. Qxf7+ Kxf7 42. Bxh7 gxh4 43. Kg2 Kf6 44. Kh3 1-0